大分県の市町村(1968年) - Statistics

General Stats
  • This quiz has been taken 11 times
  • The average score is 28 of 58
Answer Stats
コード 市町村 備考 % Correct
44201 大分市
100%
44202 別府市
100%
44203 中津市
100%
44205 佐伯市
100%
44204 日田市
89%
44206 臼杵市
89%
44207 津久見市
89%
44208 竹田市
89%
44209 豊後高田市
89%
44210 杵築市
78%
44211 宇佐市
78%
44461 玖珠郡九重町
56%
44462 玖珠郡玖珠町
56%
44322 東国東郡姫島村
44%
44325 東国東郡安岐町 2006年消滅
44%
44341 速見郡日出町
44%
44342 速見郡山香町 2005年消滅
44%
44361 大分郡野津原町 2005年消滅
44%
44362 大分郡挾間町 2005年消滅
44%
44364 大分郡湯布院町 2005年消滅
44%
44381 北海部郡佐賀関町 2005年消滅
44%
44404 南海部郡宇目町 2005年消滅
44%
44407 南海部郡米水津村 2005年消滅
44%
44426 大野郡大野町 2005年消滅
44%
44428 大野郡犬飼町 2005年消滅
44%
44441 直入郡荻町 2005年消滅
44%
44443 直入郡直入町 2005年消滅
44%
44481 日田郡前津江村 2005年消滅
44%
44482 日田郡中津江村 2005年消滅
44%
44483 日田郡上津江村 2005年消滅
44%
44484 日田郡大山町 2005年消滅
44%
44501 下毛郡三光村 2005年消滅
44%
44502 下毛郡本耶馬渓町 2005年消滅
44%
44503 下毛郡耶馬溪町 2005年消滅
44%
44302 西国東郡真玉町 2005年消滅
33%
44303 西国東郡香々地町 2005年消滅
33%
44323 東国東郡国東町 2006年消滅
33%
44324 東国東郡武蔵町 2006年消滅
33%
44363 大分郡庄内町 2005年消滅
33%
44401 南海部郡上浦町 2005年消滅
33%
44402 南海部郡弥生町 2005年消滅
33%
44403 南海部郡本匠村 2005年消滅
33%
44406 南海部郡鶴見町 2005年消滅
33%
44408 南海部郡蒲江町 2005年消滅
33%
44421 大野郡野津町 2005年消滅
33%
44422 大野郡三重町 2005年消滅
33%
44423 大野郡清川村 2005年消滅
33%
44424 大野郡緒方町 2005年消滅
33%
44427 大野郡千歳村 2005年消滅
33%
44442 直入郡久住町 2005年消滅
33%
44485 日田郡天瀬町 2005年消滅
33%
44504 下毛郡山国町 2005年消滅
33%
44521 宇佐郡院内町 2005年消滅
33%
44522 宇佐郡安心院町 2005年消滅
33%
44301 西国東郡大田村 2005年消滅
22%
44321 東国東郡国見町 2006年消滅
22%
44405 南海部郡直川村 2005年消滅
22%
44425 大野郡朝地町 2005年消滅
22%
No matching quizzes found
Score Distribution
Percent of People with Each Score
Percentile by Number Answered
Your Score History
You have not taken this quiz